000 01462cam a2200385 a 4500
001 14876211
003 OSt
005 20260318125545.0
008 070602s2005 coua b 000 0 eng d
010 _a 2007276474
020 _a0764427695
_qpbk. : alk. paper
020 _a9780764427695
_qpbk. : alk. paper
035 _a14876211
035 _a(OCoLC)76878681
040 _aVFY
_cVFY
_dCFT
_dDLC
042 _alccopycat
050 0 0 _aBV652.2
_b.S58 2005
082 0 0 _a253/.7
_222
245 0 0 _aSmall group ministry in the 21st century :
_bthe encyclopedia of practical ideas : Bible study, spiritual growth, service projects, special events /
_c[contributors, M. Scott Boren ... et al.].
250 _a1st American pbk. ed.
260 _aLoveland, Colo. :
_bGroup,
_c2005.
300 _a253 p. :
_bill. ;
_c26 cm.
336 _atext
_btxt
_2rdacontent
337 _aunmediated
_bn
_2rdamedia
338 _avolume
_bnc
_2rdacarrier
504 _a"Group Publishing's small group resources": p. 252-253.
650 0 _aChurch group work.
650 0 _aSmall groups
_xReligious aspects
_xChristianity.
700 1 _aBoren, M. Scott.
856 4 1 _3Table of contents
_uhttp://www.loc.gov/catdir/toc/fy0801/2007276474.html
906 _a7
_bcbc
_ccopycat
_d2
_encip
_f20
_gy-gencatlg
942 _2lcc
_cBK
999 _c21552
_d21551